000 00930nam a2200265 i 4500
003 DO-SdBNP
005 20250507115405.0
007 ta
008 250507b2025 dr ac||| |||| 00| 0 spa d
020 _a9798876839718
040 _aDO-SdBNP
_bspa
_cBNPHU
_erda
082 4 _axxx
_bxxx
_222
100 _aLeocadio, Pascual,
_eautor
_4aut.
_987181
245 1 0 _aCuentos clásicos con matemáticas :
_bhistorias que te harán pensar y reír con las matemáticas /
_cPascual Leocadio
264 1 _aSanto Domingos :
_bEditor no identificado,
_c2025.
300 _a210 páginas :
_bilustraciones, retratos ;
_c22 cm.
336 _atexto
_btxt
_2rdacontent
337 _asin mediación
_bn
_2rdamedia
338 _avolumen
_bnc
_2rdacarrier
500 _aIncluye datos biográficos del autor en la contracubierta
504 _aBibliografía : páginas 205-210
590 _aInventariado, 2025/BT
910 _aBtavárez
942 _2ddc
_cLBS1
999 _c58406
_d58406